000 01046nas a2200313 4500
001 BR8201663
003 BR-BrBNA
005 20231205085107.0
007 ta
008 230509b bl.|||p| |||| 00| 00por d
040 _aBR-BrBNA
_bpor
_cBiblioteca Nacional de Agricultura
041 _a(Pt)
072 _aH70; N10
100 1 _aSerodio, R. dos S.
100 1 _aPrado, E.P. do
100 1 _aAbreu, J.M. de
100 1 _aCampelo, A.M.F.L.
111 1 _a11. CONBEA
_cBrasilia, DF (Brazil)
_d22 Jun 1981
245 1 _aClassificacao fitossanitaria de armazens convencionais para cacau comercial [Theobroma cacao]
246 1 _aPhytosanitary classification of conventional commercial cacao warehouses [Theobroma cacao]
650 _aCACAU
650 _aARMAZEM
650 _aARMAZENAMENTO
650 _aHIGIENE
650 _aINSPECAO SANITARIA
773 0 _tPesquisa Agropecuaria Brasileira (Brazil)
_xISSN 0100-204X
_g(Jul 1982), v. 17(7) p. 961-967
_wBR8201663
909 _a202311
_bLúcia
_c55
_dLúcia Elande
942 _2AGRIS
_n0
_cANA
999 _c109165
_d109165